000 00667nam a2200241Ia 4500
005 20260430150116.0
008 008 250103s9999 xx 000 0 eng d
037 _aTheses
040 _aCRL
040 _beng
040 _ceng
041 _2eng
041 _aeng
084 _qCRL
100 _aRamesh Kumar Au.; Lal Madan Gu.
_91236487
245 0 _aPerspective of social entrepreneurship development through social value creation: A case of india
260 _c2022
300 _a329p.
650 _aCommerce
700 _aUniversity of Delhi. Faculty of Commerce and Business. Department of Commerce
942 _cTH
999 _c1848969
_d1848969